02056nam a22002177a 450000500170000000800410001702000180005804000180007608200200009410000190011424501510013325000120028426000420029630000300033850006500036850506670101865000530168565000370173865000430177565000200181820250424124347.0250422b |||||||| |||| 00| 0 eng d a9788119896592 cAIMIT LIBRARY 25a153.94bBHAA aBhardwaj, A P. aLegal aptitude workbook for : bCLAT SLAT. BLAT,AILET, MAH (CLET), PU, DU, IPU, UPES and AIL law entrance examinations 2024-25 /cBy A P Bhardwaj. a5th ed. aChennai :bPearson Education ,c2024. axvi,5.41p.;bPBc26.3 cm. a Section A: Legal Awareness – 1. Legal G.K.—An Introduction Updated with New Criminal Laws, 2023 BNS, BNSS, BSA, 2023, 2. Jurisprudence – Understanding Law, Its Growth, Sources & Functions, 3. Legal Lexicon Practice Exercise, 4. Constitutional Law (Set: I), 5. Constitutional Law (Set: II), 6. Public International Law, 7. Legal Awareness, Section B: Legal Reasoning – 8. Civil Law, 9. Criminal Law Based on 1860, 10. Law of Torts, 11. Criminal Law Based on BNS 2023, Section C: Legal Aptitude/Legal Reasoning Questions of CLAT and AILET Section D: Previous Years’ Papers DU (LAW) Section E: Previous Years‘ Paper PU B. A./B. Com LLB r A P Bhardwaj is a trainer -cum – author of # 1 National Bestsellers for 17 years for CLAT/SLAT/AILET, PU, DU & OTHER LAW ENTRANCES. He trains and tutors hundreds of students every year and enables them to enter prestigious law colleges and universities. His best-selling quality content books vindicates his credentials and credibility. He is also the author of Best-selling English books for IAS & states’ civil, judicial & allied services examinations. He has authored more than a dozen books with nationally and internationally acclaimed publishers. He hails from SAMRALA, (LUDHIANA), PUNJAB and is presently settled at Chandigarh for the last 35 years.  2Important definitions based on new criminal laws aLegal principles of criminal law aComptroller and auditor general motion aLegal reasoning